<?xml version="1.0" encoding="UTF-8"?>
<collection xmlns="http://www.loc.gov/MARC21/slim">
 <record>
  <leader>     na                 </leader>
  <controlfield tag="001">INLIS000000000066551</controlfield>
  <controlfield tag="005">20240904112048</controlfield>
  <datafield tag="035" ind1=" " ind2=" ">
   <subfield code="a">0010-071700000007503</subfield>
  </datafield>
  <controlfield tag="008">240904                g          | ind  </controlfield>
  <datafield tag="245" ind1=" " ind2=" ">
   <subfield code="a">Ilmu-Ilmu Sosial Dalam Pembangunan Kesehatan /</subfield>
   <subfield code="c">Redaksi: Koentjaraningrat; A. A. Loedin</subfield>
  </datafield>
  <datafield tag="260" ind1=" " ind2=" ">
   <subfield code="a">Jakarta :</subfield>
   <subfield code="b">PT. Gramedia,</subfield>
   <subfield code="c">1985</subfield>
  </datafield>
  <datafield tag="300" ind1=" " ind2=" ">
   <subfield code="a">viii, 104hlm. :</subfield>
   <subfield code="b">ill. ;</subfield>
   <subfield code="c">20,5 Cm.</subfield>
  </datafield>
  <datafield tag="082" ind1=" " ind2=" ">
   <subfield code="a">613</subfield>
  </datafield>
  <datafield tag="084" ind1=" " ind2=" ">
   <subfield code="a">613 Ilm</subfield>
  </datafield>
  <datafield tag="250" ind1=" " ind2=" ">
   <subfield code="a">-</subfield>
  </datafield>
  <datafield tag="650" ind1=" " ind2=" ">
   <subfield code="a">PEMBANGUNAN KESEHATAN</subfield>
  </datafield>
  <datafield tag="700" ind1="0" ind2=" ">
   <subfield code="a">Koentjaraningrat</subfield>
  </datafield>
  <datafield tag="700" ind1="1" ind2=" ">
   <subfield code="a">Loedin,A. A.</subfield>
  </datafield>
  <datafield tag="504" ind1=" " ind2=" ">
   <subfield code="a">96</subfield>
  </datafield>
  <datafield tag="505" ind1=" " ind2=" ">
   <subfield code="a">Daftar Isi:&#13;
1. Masalah kesehatan di Indonesia&#13;
2. Ilmu kesehatan yang berorientasi kepada masyarakat dan manusia&#13;
3. Beberapa catatan tentang ilmu epidemiologi&#13;
4. Peranan ilmu-ilmu sosial dalam upaya peningkatan kesehatan&#13;
5. Makanan sebagai suatu sistem budaya: beberapa pokok perhatian antropologi gizi&#13;
6. Suatu kerangka analisis uantuk mengkaji tahan-hidup anak di negara sedang berkembang&#13;
7. Penelitian ilmu-ilmu sosial dan wadah profesi ilmuwan sosial dalam sistem kesehatan Nasional</subfield>
  </datafield>
  <datafield tag="990" ind1=" " ind2=" ">
   <subfield code="a">3125121711</subfield>
  </datafield>
 </record>
</collection>
